Knaurs Lexikon der ägyptischen Kultur /

Saved in:

Main Author: Posener, Georges (Author)

Format: Book

Language: German
French

Published: München : Droemersche Verlagsanstalt, 1978.

Subjects:

Tags: Add Tag

No Tags, Be the first to tag this record!

Call Number: DT58 .P655 1978

LEADER 00887namaa2200265 4500
001 13414
003 OSt
005 20260503051644.0
008 130303s1978 gw ab d 000 0 ger d
010 |a 61021164 
040 |c ARCE Library 
041 1 |a ger  |h fre 
043 |a f-ua--- 
050 4 |a DT58 .P655 1978 
100 1 |a Posener, Georges,  |e author 
240 1 0 |a Dictionnaire de la civilisation égyptienne.  |l German 
245 1 0 |a Knaurs Lexikon der ägyptischen Kultur /   |c [Georges Posener]. 
246 3 |a Lexikon der ägyptischen Kultur. 
264 1 |a München :   |b Droemersche Verlagsanstalt,   |c 1978. 
300 |a 390 pages :   |b illustrations (part color), maps (2 color on lining paper) ;   |c 19 cm. 
500 |a Translation of : Dictionnaire de la civilisation égyptienne. 
651 0 |a Egypt  |x Civilization  |v Dictionaries. 
901 |a reviewed 
942 |c BK  |2 lcc 
999 |c 13309  |d 13309